Elektrické a optické káble. Skúšobné metódy pre nekovové materiály : Časť 501: Mechanické skúšky. Skúšky na určenie mechanických vlastností izolačných a plášťových zmesí. STN EN 60811-501

Na minha lista:
Detalhes bibliográficos
Formato: Livro
Idioma:eslovaco
Publicado em: Bratislava : Slovenský ústav technickej normalizácie, 2013
Tags: Adicionar Tag
Sem tags, seja o primeiro a adicionar uma tag!

MARC

LEADER 00000nam a22000003a 4500
001 0072732
003 SK-STU
005 20190415132134.5
007 ta
008 190415s ----xo-----e------000-0-----d
040 |a STU  |b slo 
041 0 |a slo 
044 |a xo 
245 1 0 |a Elektrické a optické káble. Skúšobné metódy pre nekovové materiály :  |b Časť 501: Mechanické skúšky. Skúšky na určenie mechanických vlastností izolačných a plášťových zmesí. STN EN 60811-501 
260 |a Bratislava :  |b Slovenský ústav technickej normalizácie,  |c 2013 
300 |a 20 s. 
996 |b 284EO00483  |c E*O-483  |l EE32  |s P  |a 0  |w 0072732_0001